000 00698nam a2200289Ia 4500
005 20260324115520.0
008 008 260324s9999 xx 000 0 eng d
020 _a9781315386508
037 _aEBOOK
040 _aCRL
040 _beng
040 _cCRL
041 _2eng
041 _aeng
084 _qCRL
100 _aTracy Harpster; Susan H. Adams
_91154968
245 0 _aAnalyzing 911 Homicide Calls
245 0 _bPractical Aspects and Applications
260 _bTaylor and Francis
260 _c2017
365 _a
365 _b205
856 _uhttp://www.taylorfrancis.com/books/9781315386508
942 _cEBOOK
999 _c1745900
_d1745900